| 000 | 00475nam a22001817a 4500 | ||
|---|---|---|---|
| 003 | OSt | ||
| 005 | 20260105122738.0 | ||
| 008 | 260105b |||||||| |||| 00| 0 eng d | ||
| 020 | _a9788197673023 | ||
| 040 | _ckul | ||
| 082 | _a305.42 MEH | ||
| 084 | _2Colon Classification | ||
| 100 |
_aDeepti Priya Mehrotra _97362 |
||
| 245 | _aWalking out, Speaking up : Feminist Street Theatre in India | ||
| 260 |
_aNew Delhi _bZubaan _c2025 |
||
| 300 | _a331p. | ||
| 942 |
_2ddc _cBK |
||
| 999 |
_c754776 _d754776 |
||